Biodesarrollo y economia campesina : (Registro nro. 2382)

Detalles MARC
000 -LEADER
fixed length control field 01733nam a2200313 4500
001 - CONTROL NUMBER
control field 0000024003
003 - CONTROL NUMBER IDENTIFIER
control field CO-CtgCURN
005 - DATE AND TIME OF LATEST TRANSACTION
control field 20250502184350.0
007 - PHYSICAL DESCRIPTION FIXED FIELD--GENERAL INFORMATION
fixed length control field ta
008 - FIXED-LENGTH DATA ELEMENTS--GENERAL INFORMATION
fixed length control field 160627s2011 000 0 eng d
020 ## - INTERNATIONAL STANDARD BOOK NUMBER
International Standard Book Number 9789587630176
040 ## - CATALOGING SOURCE
Original cataloging agency CO-CtgCURN
Language of cataloging spa
Transcribing agency coctgcurn
082 0# - DEWEY DECIMAL CLASSIFICATION NUMBER
Classification number 307.1416
Item number U84
100 1# - MAIN ENTRY--PERSONAL NAME
Personal name Useche Aldana, oscar.
245 10 - TITLE STATEMENT
Title Biodesarrollo y economia campesina :
Remainder of title aportes para el estudio de la agroindustria panelera en Colombia /
Statement of responsibility, etc. Oscar Useche Aldana , fotografo, Beatriz Nuñez Arce.
260 ## - PUBLICATION, DISTRIBUTION, ETC.
Place of publication, distribution, etc. [Bogotá] :
Name of publisher, distributor, etc. Corporación Universitaria Minuto de Dios,
Date of publication, distribution, etc. 2011.
300 ## - PHYSICAL DESCRIPTION
Extent 254 p.
336 ## - CONTENT TYPE
Source rdacontent
337 ## - MEDIA TYPE
Source rdamedia
Media type term sin mediacion
Media type code n
338 ## - CARRIER TYPE
Source rdacarrier
Carrier type term volumen
Carrier type code nc
504 ## - BIBLIOGRAPHY, ETC. NOTE
Bibliography, etc. note Incluye bibliografia p. (244-254)
505 8# - FORMATTED CONTENTS NOTE
Formatted contents note Problemas del biodesarrollo -- Los nuevos problemas de la economia campesina en los contextos de la globalizacion y el libre comercio -- Distintas dimensiones de la Colombia panelera -- Dos casos regionales de producción panelera en un contexto de economia campesina -- Empobrecimiento y equidad, retos para el desarrollo de la economia campesina panelera -- La panela como parte de los circuitos agroalimentarios regionales -- Guerra, resistencia y organizacion: los campesinos paneleros ante estos problemas -- Resistencia social y organizacion del campesinado
650 14 - SUBJECT ADDED ENTRY--TOPICAL TERM
Topical term or geographic name entry element Industria panelera
General subdivision Aspectos economicos
Chronological subdivision Siglo XXI
Geographic subdivision Colombia.
650 14 - SUBJECT ADDED ENTRY--TOPICAL TERM
Topical term or geographic name entry element Campesinos
General subdivision Aspectos economicos
Chronological subdivision Siglo XXI
Geographic subdivision Colombia.
650 14 - SUBJECT ADDED ENTRY--TOPICAL TERM
Topical term or geographic name entry element Desarrollo sostenible
General subdivision Aspectos economicos
Chronological subdivision Siglo XXI
Geographic subdivision Colombia.
908 ## - PUT COMMAND PARAMETER (RLIN)
Put command parameter 160627
942 ## - ADDED ENTRY ELEMENTS (KOHA)
Koha item type Libros
Classification part 307.1416
Item part U84
Source of classification or shelving scheme Dewey Decimal Classification
Suppress in OPAC No
Existencias
Withdrawn status Lost status Source of classification or shelving scheme Damaged status Not for loan Collection Home library Current library Shelving location Date acquired Inventory number Total checkouts Full call number Barcode Date last seen Price effective from Koha item type Public note
    Dewey Decimal Classification     General Miguel Henríquez Castañeda Miguel Henríquez Castañeda General 03/29/2025 001499   307.1416 U84 001499 03/29/2025 03/29/2025 Libros 300-CIENSO